[Event "135th YMCA Winter B"]
[Site "Warszawa"]
[Date "2014.02.05"]
[Round "5"]
[White "Kosny, Marek"]
[Black "Gluszko, Monika"]
[Result "1/2-1/2"]
[WhiteElo "1964"]
[BlackElo "1900"]
[PlyCount "99"]
[EventDate "2014.01.08"]
[EventType "tourn"]
[EventRounds "1"]
[EventCountry "POL"]
[SourceDate "2014.01.08"]

1. Nf3 Nf6 2. c4 g6 3. Nc3 d5 4. cxd5 Nxd5 5. g3 Bg7 6. Bg2 O-O 7. O-O Nc6 8.
d4 Nb6 9. d5 Nb4 10. e4 f5 11. Qb3 fxe4 12. d6+ Kh8 13. Nxe4 N4d5 14. dxc7 Qxc7
15. Bg5 Qc4 16. Qxc4 Nxc4 17. b3 Bxa1 18. bxc4 Nf6 19. Bh6 Re8 20. Rxa1 Nxe4
21. Nd4 Nd6 22. c5 Nf7 23. Be3 e5 24. Nb5 Re7 25. Rc1 e4 26. Nd6 Bf5 27. g4
Bxg4 28. Nxe4 Ne5 29. Nd6 Nf3+ 30. Kh1 Kg7 31. Rc4 Bh5 32. Rb4 Rd8 33. Rf4 Rf8
34. Ra4 b6 35. cxb6 axb6 36. Rb4 Rb8 37. Ne4 Rd7 38. Ng3 Rd1+ 39. Bf1 b5 40.
Nxh5+ gxh5 41. Kg2 Ne1+ 42. Kg3 Nc2 43. Rxb5 Rxb5 44. Bxb5 Rd5 45. Bc4 Ra5 46.
Bd2 Ra3+ 47. Bb3 Ra8 48. Bxc2 Rxa2 49. Bc3+ Kh6 50. Bd2+ 1/2-1/2

[Event "135th YMCA Winter B"]
[Site "Warszawa"]
[Date "2014.02.07"]
[Round "5"]
[White "Pastuszko, Kinga"]
[Black "Maj, Pawel"]
[Result "0-1"]
[WhiteElo "1887"]
[BlackElo "1918"]
[PlyCount "90"]
[EventDate "2014.01.08"]
[EventType "tourn"]
[EventRounds "1"]
[EventCountry "POL"]
[SourceDate "2014.01.08"]

1. e4 c5 2. Nf3 d6 3. d4 cxd4 4. Nxd4 Nf6 5. Nc3 a6 6. Bg5 e6 7. f4 Be7 8. Qf3
h6 9. Bh4 Nbd7 10. O-O-O Qc7 11. Bxf6 Bxf6 12. f5 Ne5 13. Qh5 g6 14. Qh3 Nc6
15. Nce2 Nxd4 16. Nxd4 exf5 17. Qd3 O-O 18. exf5 Bxd4 19. Qxd4 Bxf5 20. Bd3
Bxd3 21. Rxd3 Rac8 22. c3 Qa5 23. Kb1 Qg5 24. h4 Qxg2 25. Rg1 Qe2 26. Qxd6 Rc6
27. Qd5 Re6 28. Rd4 Qf2 29. Rdd1 Qxh4 30. Qxb7 Qe4+ 31. Qxe4 Rxe4 32. Rd6 a5
33. Rc1 Rc8 34. b3 Re6 35. Rd5 a4 36. b4 h5 37. Kb2 h4 38. Rh1 Re2+ 39. Kb1
Rxc3 40. Rxh4 a3 41. Rh1 Rb2+ 42. Ka1 Rcc2 43. Rd8+ Kg7 44. Rdh8 Rxa2+ 45. Kb1
Rcb2+ 0-1

[Event "135th YMCA Winter B"]
[Site "Warszawa"]
[Date "2014.02.04"]
[Round "5"]
[White "Rusin, Ryszard"]
[Black "Praczukowski, Stanislaw"]
[Result "1/2-1/2"]
[WhiteElo "1840"]
[BlackElo "1902"]
[PlyCount "82"]
[EventDate "2014.01.08"]
[EventType "tourn"]
[EventRounds "1"]
[EventCountry "POL"]
[SourceDate "2014.01.08"]

1. d4 Nf6 2. c4 g6 3. Nc3 Bg7 4. e4 O-O 5. e5 Ne8 6. f4 d6 7. Nf3 c5 8. dxc5
Nc6 9. Be2 Bg4 10. cxd6 exd6 11. exd6 Bxf3 12. Bxf3 Nxd6 13. O-O Qb6+ 14. Kh1
Nxc4 15. Qb3 Qxb3 16. axb3 Nd6 17. Be3 Nf5 18. Bc5 Rfd8 19. Rfd1 Nfd4 20. Bxd4
Bxd4 21. g3 a6 22. b4 Nxb4 23. Bxb7 Rab8 24. Bxa6 Nxa6 25. Rxa6 Rxb2 26. Ra4
Bf6 27. Rxd8+ Bxd8 28. Ra8 Rd2 29. Ne4 Rd4 30. Ng5 Kg7 31. Nf3 Rd5 32. Ra7 Bf6
33. Kg2 h5 34. h3 Rb5 35. g4 hxg4 36. hxg4 Rb2+ 37. Kg3 Rb3 38. Rd7 g5 39. fxg5
Bxg5 40. Kf2 Rb2+ 41. Kf1 Bf4 1/2-1/2

[Event "135th YMCA Winter B"]
[Site "Warszawa"]
[Date "2014.02.05"]
[Round "5"]
[White "Rozowski, Marcin"]
[Black "Barc, Michal"]
[Result "1/2-1/2"]
[WhiteElo "1894"]
[BlackElo "1849"]
[Annotator "Admin"]
[PlyCount "77"]
[EventDate "2014.01.08"]
[EventType "tourn"]
[EventRounds "1"]
[EventCountry "POL"]
[SourceDate "2014.01.08"]

1. e4 e6 2. d4 d5 3. exd5 exd5 4. Nf3 Nf6 5. c4 Bb4+ 6. Nc3 O-O 7. Be2 dxc4 8.
O-O Bxc3 9. bxc3 b5 10. a4 c6 11. Ne5 Nd5 12. Bd2 Qd6 13. Qc2 f6 14. Ng4 Nd7
15. Bf3 a6 16. Be4 f5 17. Bxf5 N7f6 18. Bxc8 Raxc8 19. Ne5 c5 20. Nf3 b4 21.
dxc5 Qxc5 22. cxb4 Nxb4 23. Bxb4 Qxb4 24. Rab1 Qc5 25. h4 h6 26. Rfe1 Ng4 27.
Re4 Qf5 28. Rc1 c3 29. Qb3+ Kh7 30. Rc4 Rxc4 31. Qxc4 Rc8 32. Qxa6 c2 33. Qe2
Nf6 34. Nd4 Qd7 35. Rxc2 Re8 36. Qd3+ Kh8 37. Rc1 Rd8 38. Rd1 Qxa4 39. f3 $11
1/2-1/2

[Event "135th YMCA Winter B"]
[Site "Warszawa"]
[Date "2014.02.05"]
[Round "5"]
[White "Sawicki, Wojciech"]
[Black "Safanowski, Tomasz"]
[Result "0-1"]
[WhiteElo "1850"]
[BlackElo "1928"]
[PlyCount "112"]
[EventDate "2014.01.08"]
[EventType "tourn"]
[EventRounds "1"]
[EventCountry "POL"]
[SourceDate "2014.01.08"]

1. e4 e6 2. d4 d5 3. Nc3 Nf6 4. e5 Nfd7 5. f4 c5 6. Nf3 Nc6 7. Be3 cxd4 8. Nxd4
Bc5 9. Qd2 Bxd4 10. Bxd4 Nxd4 11. Qxd4 Qb6 12. Nb5 Qxd4 13. Nxd4 Ke7 14. O-O-O
Nb8 15. h4 Bd7 16. Rh3 Nc6 17. g4 h5 18. gxh5 Nxd4 19. Rxd4 Rxh5 20. Be2 Rh6
21. Rd1 Rah8 22. Rdh1 f6 23. h5 Be8 24. Rb3 Bc6 25. Rg1 Kf7 26. Rbg3 R8h7 27.
exf6 gxf6 28. Bd3 f5 29. Be2 Be8 30. Rg6 Ke7 31. Rg7+ Bf7 32. Kd2 Kf6 33. R7g5
Bxh5 34. Bxh5 Rxh5 35. Rxh5 Rxh5 36. Rg8 Rh4 37. Rf8+ Ke7 38. Rb8 Rxf4 39.
Rxb7+ Kd6 40. Rxa7 e5 41. a4 Rd4+ 42. Ke2 f4 43. c3 Re4+ 44. Kf2 Rc4 45. Ra6+
Ke7 46. Ra7+ Ke6 47. a5 Kf5 48. a6 Ra4 49. Rd7 Ra2 50. Rxd5 Rxb2+ 51. Ke1 Ra2
52. Rd6 e4 53. Rd5+ Ke6 54. Rh5 e3 55. c4 f3 56. Rh3 Ra1# 0-1

[Event "135th YMCA Winter B"]
[Site "Warszawa"]
[Date "2014.02.05"]
[Round "5"]
[White "Sujkowski, Pawel"]
[Black "Melchers, Damian"]
[Result "1/2-1/2"]
[WhiteElo "1975"]
[BlackElo "1952"]
[Annotator "Admin"]
[PlyCount "25"]
[EventDate "2014.01.08"]
[EventType "tourn"]
[EventRounds "1"]
[EventCountry "POL"]
[SourceDate "2014.01.08"]

1. e4 e5 2. Nf3 Nc6 3. Bb5 Nf6 4. O-O Nxe4 5. d4 Nd6 6. Bxc6 dxc6 7. dxe5 Nf5
8. Qxd8+ Kxd8 9. Nc3 Be7 10. h3 h6 11. Ne2 b6 12. b3 Bb7 13. Ned4 $11 1/2-1/2

[Event "135th YMCA Winter B"]
[Site "Warszawa"]
[Date "2014.02.11"]
[Round "6"]
[White "Grabowicz, Marcin"]
[Black "Melchers, Damian"]
[Result "1/2-1/2"]
[WhiteElo "1872"]
[BlackElo "1952"]
[Annotator "Admin"]
[PlyCount "43"]
[EventDate "2014.01.08"]
[EventType "tourn"]
[EventRounds "1"]
[EventCountry "POL"]
[SourceDate "2014.01.08"]

1. e4 c5 2. Nf3 Nc6 3. d4 cxd4 4. c3 d3 5. Bxd3 d6 6. O-O g6 7. Bf4 Bg7 8. Qe2
Nf6 9. h3 O-O 10. Nbd2 Nd7 11. Rad1 Nde5 12. Nxe5 Nxe5 13. Nf3 Nxd3 14. Qxd3
Be6 15. b3 Qa5 16. Nd4 Bd7 17. Bd2 Qc5 18. Be3 Qa5 19. c4 a6 20. a4 Rab8 21.
Bd2 Qc5 22. Be3 $11 1/2-1/2

[Event "135th YMCA Winter B"]
[Site "Warszawa"]
[Date "2014.02.20"]
[Round "6"]
[White "Safanowski, Tomasz"]
[Black "Sujkowski, Pawel"]
[Result "0-1"]
[WhiteElo "1928"]
[BlackElo "1975"]
[PlyCount "40"]
[EventDate "2014.01.08"]
[EventType "tourn"]
[EventRounds "1"]
[EventCountry "POL"]
[SourceDate "2014.01.08"]

1. Nf3 c5 2. d4 Nf6 3. e3 e6 4. Bd3 Nc6 5. O-O Be7 6. b3 O-O 7. Bb2 b6 8. a3
Bb7 9. Nbd2 d6 10. Qe2 Qc7 11. Ng5 h6 12. f4 cxd4 13. exd4 Rae8 14. Rf3 e5 15.
dxe5 dxe5 16. Ne6 fxe6 17. fxe5 Bc5+ 18. Kh1 Nd4 19. Qe1 Nxf3 20. Nxf3 Ng4 0-1

[Event "135th YMCA Winter B"]
[Site "Warszawa"]
[Date "2014.01.27"]
[Round "6"]
[White "Barc, Michal"]
[Black "Sawicki, Wojciech"]
[Result "1-0"]
[WhiteElo "1849"]
[BlackElo "1850"]
[PlyCount "91"]
[EventDate "2014.01.08"]
[EventType "tourn"]
[EventRounds "1"]
[EventCountry "POL"]
[SourceDate "2014.01.08"]

1. d4 Nf6 2. Nf3 g6 3. c4 Bg7 4. Nc3 O-O 5. e4 d6 6. Be2 e5 7. O-O Nc6 8. d5
Ne7 9. b4 Nh5 10. g3 f5 11. Ng5 Nf6 12. f3 f4 13. Kg2 c6 14. Qb3 cxd5 15. cxd5
fxg3 16. hxg3 Kh8 17. Be3 a6 18. Na4 Bd7 19. Nb6 Rb8 20. Rac1 Nfg8 21. Rh1 Nf6
22. Rh2 Kg8 23. Rch1 h5 24. Rc1 Nc8 25. Nxd7 Qxd7 26. Ne6 Rf7 27. Rhh1 Ne8 28.
b5 axb5 29. Bxb5 Qe7 30. Rc2 b6 31. Rhc1 Na7 32. a4 Nxb5 33. axb5 Kh7 34. Rc8
Rxc8 35. Rxc8 Bh6 36. Bxh6 Kxh6 37. Qe3+ g5 38. Rxe8 Qxe8 39. Qxg5+ Kh7 40.
Qxh5+ Kg8 41. Qg6+ Kh8 42. Ng5 Re7 43. Qxd6 Ra7 44. g4 Ra2+ 45. Kg3 Rb2 46. Ne6
1-0

[Event "135th YMCA Winter B"]
[Site "Warszawa"]
[Date "2014.02.11"]
[Round "6"]
[White "Praczukowski, Stanislaw"]
[Black "Rozowski, Marcin"]
[Result "1/2-1/2"]
[WhiteElo "1902"]
[BlackElo "1894"]
[Annotator "Admin"]
[PlyCount "140"]
[EventDate "2014.01.08"]
[EventType "tourn"]
[EventRounds "1"]
[EventCountry "POL"]
[SourceDate "2014.01.08"]

1. e4 c6 2. d4 d5 3. exd5 cxd5 4. c4 Nf6 5. Nc3 e6 6. Nf3 Be7 7. Bd3 Nc6 8. O-O
O-O 9. cxd5 Nxd5 10. Bc2 Bf6 11. Qd3 g6 12. a3 Nxc3 13. bxc3 e5 14. Qb5 exd4
15. Bh6 Re8 16. cxd4 Bg4 17. Qxb7 Bxf3 18. gxf3 Nxd4 19. Rad1 Qa5 20. Bb3 Nxb3
21. Qxb3 Rab8 22. Rd5 Rxb3 23. Rxa5 Bd4 24. Be3 Bxe3 25. fxe3 Rexe3 26. Rxa7
Rxf3 27. Rxf3 Rxf3 28. a4 Kg7 29. a5 Kf6 30. a6 Ra3 31. Kg2 g5 32. Kf2 g4 33.
Kg2 h5 34. Kf2 h4 35. Kg2 Ra2+ 36. Kg1 h3 37. Ra8 Kf5 38. a7 Kf4 39. Kf1 Kf3
40. Ke1 Kg2 41. Rg8 Rxa7 42. Rxg4+ Kxh2 43. Kf2 Ra2+ 44. Kf3 Rg2 45. Ra4 Kh1
46. Ra1+ Rg1 47. Ra2 f6 48. Rb2 f5 49. Ra2 Rg2 50. Ra1+ Rg1 51. Ra2 h2 52. Rb2
Rc1 53. Ra2 Rb1 54. Rc2 Ra1 55. Rb2 Rf1+ 56. Kg3 f4+ 57. Kh3 Rf3+ 58. Kg4 Kg1
59. Kxf3 h1=Q+ 60. Kxf4 Qh4+ 61. Ke3 Qg3+ 62. Kd2 Qe5 63. Rb3 Kf2 64. Rc3 Qd4+
65. Kc2 Ke2 66. Kb3 Kd2 67. Rc2+ Kd3 68. Rb2 Qc4+ 69. Ka3 Kc3 70. Rc2+ $11 Kxc2
1/2-1/2

[Event "135th YMCA Winter B"]
[Site "Warszawa"]
[Date "2014.02.12"]
[Round "6"]
[White "Maj, Pawel"]
[Black "Rusin, Ryszard"]
[Result "1-0"]
[WhiteElo "1918"]
[BlackElo "1840"]
[PlyCount "65"]
[EventDate "2014.01.08"]
[EventType "tourn"]
[EventRounds "1"]
[EventCountry "POL"]
[SourceDate "2014.01.08"]

1. e4 e5 2. Nf3 Nf6 3. d4 Nxe4 4. Bd3 d5 5. Nxe5 Be7 6. O-O O-O 7. c4 c5 8.
cxd5 Qxd5 9. Re1 Nxf2 10. Kxf2 Qxd4+ 11. Kf1 Bh4 12. Re3 Rd8 13. Nf3 Qf6 14.
Qe2 Be6 15. Re4 g5 16. Rxh4 Rxd3 17. Qxd3 gxh4 18. Nc3 Nc6 19. Bg5 Qg7 20. Rd1
h3 21. g3 Bg4 22. Ne4 h5 23. Nf6+ Kh8 24. Nxg4 hxg4 25. Qf5 Kg8 26. Qxg4 Re8
27. Rd5 Nd4 28. Nxd4 cxd4 29. Qxd4 Qg6 30. Qd3 Qe6 31. Bd2 f6 32. Qg6+ Kh8 33.
Rh5# 1-0

[Event "135th YMCA Winter B"]
[Site "Warszawa"]
[Date "2014.02.12"]
[Round "6"]
[White "Gajewski, Dariusz"]
[Black "Kosny, Marek"]
[Result "0-1"]
[WhiteElo "1986"]
[BlackElo "1964"]
[PlyCount "110"]
[EventDate "2014.01.08"]
[EventType "tourn"]
[EventRounds "1"]
[EventCountry "POL"]
[SourceDate "2014.01.08"]

1. e4 Nf6 2. e5 Nd5 3. g3 d6 4. exd6 cxd6 5. Bg2 Nf6 6. Ne2 Nc6 7. O-O g6 8. d4
Bg7 9. h3 O-O 10. c4 d5 11. cxd5 Nxd5 12. Nbc3 Be6 13. Be3 Qd7 14. Kh2 Rfd8 15.
Qd2 Rac8 16. Rad1 b6 17. Nxd5 Bxd5 18. Bxd5 Qxd5 19. b3 Qf3 20. Ng1 Qh5 21. Qe2
Qd5 22. Qf3 Nxd4 23. Qxd5 Rxd5 24. Rd2 Rd6 25. Rfd1 Nf5 26. Rxd6 Nxd6 27. Ne2
Rc2 28. Rd2 Rxd2 29. Bxd2 Nf5 30. Kg2 Be5 31. Nc1 Kg7 32. Kf3 Kf6 33. Ke4 Ke6
34. f4 Bf6 35. g4 Nd6+ 36. Kd3 Kd5 37. Ne2 Ne4 38. Be1 e6 39. Ke3 Be7 40. h4
Bc5+ 41. Kf3 Nd6 42. Bc3 Nb5 43. Be5 a6 44. h5 Be7 45. a4 Na7 46. Nc3+ Kc5 47.
Ne4+ Kb4 48. Bd6+ Bxd6 49. Nxd6 f5 50. gxf5 exf5 51. h6 Nc6 52. Nc4 b5 53. axb5
axb5 54. Ne5 Nxe5+ 55. fxe5 Kc5 0-1

[Event "135th YMCA Winter B"]
[Site "Warszawa"]
[Date "2014.02.24"]
[Round "7"]
[White "Kosny, Marek"]
[Black "Grabowicz, Marcin"]
[Result "1-0"]
[WhiteElo "1964"]
[BlackElo "1872"]
[PlyCount "73"]
[EventDate "2014.01.08"]
[EventType "tourn"]
[EventRounds "1"]
[EventCountry "POL"]
[SourceDate "2014.01.08"]

1. Nf3 Nf6 2. c4 c5 3. Nc3 d5 4. cxd5 Nxd5 5. g3 Nc6 6. Bg2 Nc7 7. O-O e5 8. d3
Be7 9. Bd2 O-O 10. Rc1 Rb8 11. Ne4 Ne6 12. Bc3 f6 13. Ned2 Kh8 14. Nc4 Bd7 15.
Ne3 Ned4 16. Nd5 Be6 17. Nxe7 Qxe7 18. Nd2 Rbc8 19. b3 Rfd8 20. Ne4 b6 21. Bb2
Nb4 22. Nc3 Nxa2 23. Nxa2 Bxb3 24. Qd2 Nxe2+ 25. Qxe2 Bxa2 26. Be4 Qf7 27. f4
exf4 28. Rxf4 c4 29. Qg4 Qe7 30. Qh4 h6 31. Rxf6 Qc5+ 32. Kg2 c3 33. Bxc3 Qe3
34. Rxh6+ Kg8 35. Rh8+ Kf7 36. Rf1+ Ke6 37. Bf5+ 1-0

[Event "135th YMCA Winter B"]
[Site "Warszawa"]
[Date "2014.02.06"]
[Round "7"]
[White "Pastuszko, Kinga"]
[Black "Gajewski, Dariusz"]
[Result "1-0"]
[WhiteElo "1887"]
[BlackElo "1986"]
[PlyCount "123"]
[EventDate "2014.01.08"]
[EventType "tourn"]
[EventRounds "1"]
[EventCountry "POL"]
[SourceDate "2014.01.08"]

1. e4 e5 2. Nf3 Nc6 3. Bc4 Nf6 4. d4 exd4 5. e5 d5 6. Bb5 Ne4 7. Nxd4 Bd7 8.
Bxc6 bxc6 9. O-O Bc5 10. f3 Ng5 11. f4 Ne4 12. Be3 Qe7 13. Nd2 Nxd2 14. Qxd2
Bb6 15. Nb3 O-O 16. Rae1 Bf5 17. Qc3 Qd7 18. Nd4 Bxd4 19. Bxd4 Rfe8 20. Re3 Re6
21. Rg3 a6 22. h3 Rg6 23. Rff3 Re8 24. Rxg6 hxg6 25. Qc5 Re6 26. Rb3 Qc8 27.
Qa7 Re8 28. Ra3 Re6 29. Rb3 Re8 30. Rc3 Re6 31. g4 Be4 32. Rb3 Re8 33. Rb7 Qa8
34. Rxc7 Qxa7 35. Rxa7 Rc8 36. Bc5 Bxc2 37. Rxa6 Bd3 38. Ra7 Rb8 39. b4 Rc8 40.
Kf2 Bc4 41. h4 Bb5 42. Ke3 Bc4 43. a4 Bb3 44. Kd4 Bd1 45. g5 Be2 46. Bd6 Bd1
47. Kc5 Bb3 48. Ra6 Bc2 49. Rxc6 Rxc6+ 50. Kxc6 d4 51. b5 Bxa4 52. Bb4 d3 53.
Kb6 d2 54. Bxd2 Kf8 55. Ka5 Bc2 56. b6 Be4 57. Ka6 Ke7 58. b7 Bxb7+ 59. Kxb7
Kd7 60. Kb6 Ke6 61. Kc6 Kf5 62. Kd7 1-0

[Event "135th YMCA Winter B"]
[Site "Warszawa"]
[Date "2014.02.19"]
[Round "7"]
[White "Rusin, Ryszard"]
[Black "Gluszko, Monika"]
[Result "0-1"]
[WhiteElo "1840"]
[BlackElo "1900"]
[PlyCount "86"]
[EventDate "2014.01.08"]
[EventType "tourn"]
[EventRounds "1"]
[EventCountry "POL"]
[SourceDate "2014.01.08"]

1. d4 Nf6 2. c4 g6 3. Nc3 d5 4. Bf4 Bg7 5. e3 O-O 6. Nf3 c5 7. dxc5 Qa5 8. Qb3
Ne4 9. Be5 Bxe5 10. Nxe5 Be6 11. cxd5 Nxc3 12. bxc3 Bxd5 13. Bc4 Bxc4 14. Qxc4
Na6 15. Nd3 Rac8 16. O-O Nxc5 17. Nxc5 Rxc5 18. Qe4 Qc7 19. Rab1 b6 20. Rb3 Rc8
21. Rc1 Rc4 22. Qc2 b5 23. Qb2 a6 24. Rb4 Rxc3 25. Rd1 Rc1 26. Rbd4 Qc2 27. Qb3
Qxb3 28. axb3 R8c3 29. b4 Rxd1+ 30. Rxd1 Rb3 31. Kf1 Rxb4 32. Rd7 e6 33. Ke2
Rb2+ 34. Kf3 b4 35. Ra7 Ra2 36. g4 b3 37. h4 b2 38. Rb7 a5 39. h5 gxh5 40. gxh5
Kg7 41. Kg4 Ra4+ 42. f4 Rb4 43. h6+ Kxh6 0-1

[Event "135th YMCA Winter B"]
[Site "Warszawa"]
[Date "2014.02.19"]
[Round "7"]
[White "Rozowski, Marcin"]
[Black "Maj, Pawel"]
[Result "1/2-1/2"]
[WhiteElo "1894"]
[BlackElo "1918"]
[Annotator "Admin"]
[PlyCount "45"]
[EventDate "2014.01.08"]
[EventType "tourn"]
[EventRounds "1"]
[EventCountry "POL"]
[SourceDate "2014.01.08"]

1. e4 e5 2. Nf3 Nc6 3. Bb5 a6 4. Bxc6 dxc6 5. O-O Bg4 6. h3 h5 7. d3 Qf6 8.
Nbd2 Ne7 9. Re1 Ng6 10. d4 Bxf3 11. Nxf3 Bd6 12. c3 Qe7 13. dxe5 Nxe5 14. Nxe5
Bxe5 15. f4 Bf6 16. Qf3 g6 17. Be3 O-O-O 18. Rad1 Rxd1 19. Rxd1 Rd8 20. e5 Qe6
21. Rxd8+ Bxd8 22. b3 Qd5 23. Qxd5 $11 1/2-1/2

[Event "135th YMCA Winter B"]
[Site "Warszawa"]
[Date "2014.02.19"]
[Round "7"]
[White "Sujkowski, Pawel"]
[Black "Barc, Michal"]
[Result "1/2-1/2"]
[WhiteElo "1975"]
[BlackElo "1849"]
[Annotator "Admin"]
[PlyCount "33"]
[EventDate "2014.01.08"]
[EventType "tourn"]
[EventRounds "1"]
[EventCountry "POL"]
[SourceDate "2014.01.08"]

1. c4 Nf6 2. Nf3 g6 3. Nc3 Bg7 4. g3 O-O 5. Bg2 d6 6. O-O c6 7. d3 Bg4 8. Rb1
d5 9. cxd5 Nxd5 10. Qb3 Qd7 11. Bd2 Na6 12. Rfc1 Rac8 13. Na4 e5 14. a3 Rfe8
15. Nc3 Nxc3 16. Bxc3 b5 17. Qc2 $11 1/2-1/2

[Event "135th YMCA Winter B"]
[Site "Warszawa"]
[Date "2014.02.19"]
[Round "7"]
[White "Melchers, Damian"]
[Black "Safanowski, Tomasz"]
[Result "1/2-1/2"]
[WhiteElo "1952"]
[BlackElo "1928"]
[Annotator "Admin"]
[PlyCount "98"]
[EventDate "2014.01.08"]
[EventType "tourn"]
[EventRounds "1"]
[EventCountry "POL"]
[SourceDate "2014.01.08"]

1. Nf3 Nf6 2. g3 b6 3. Bg2 Bb7 4. O-O g6 5. d3 Bg7 6. e4 d6 7. Nc3 O-O 8. Nh4
c5 9. f4 e5 10. f5 d5 11. Bg5 dxe4 12. Nxe4 Qd4+ 13. Kh1 Bxe4 14. dxe4 Nc6 15.
c3 Qxd1 16. Raxd1 Rad8 17. Rxd8 Nxd8 18. Rd1 Nb7 19. Kg1 Rd8 20. Rxd8+ Nxd8 21.
fxg6 hxg6 22. Nf3 Ne6 23. Bxf6 Bxf6 24. Bf1 Kf8 25. Kf2 Ke7 26. Bc4 Nc7 27. a4
Bg7 28. g4 a6 29. h4 b5 30. axb5 axb5 31. Ba2 Bh6 32. Nxe5 c4 33. b3 Bd2 34.
bxc4 Bxc3 35. Nc6+ Kd6 36. cxb5 Nxb5 37. Nd8 f6 38. h5 gxh5 39. gxh5 f5 40.
Nf7+ Ke7 41. e5 Kf8 42. h6 Kg8 43. Bc4 Nd4 44. Ng5+ Kh8 45. h7 Bd2 46. Nf3 Nxf3
$11 47. e6 Bg5 48. Kxf3 Kxh7 49. Bd3 Kg6 $11 1/2-1/2

[Event "135th YMCA Winter B"]
[Site "Warszawa"]
[Date "2014.02.26"]
[Round "8"]
[White "Barc, Michal"]
[Black "Melchers, Damian"]
[Result "0-1"]
[WhiteElo "1849"]
[BlackElo "1952"]
[Annotator "Admin"]
[PlyCount "82"]
[EventDate "2014.01.08"]
[EventType "tourn"]
[EventRounds "1"]
[EventCountry "POL"]
[SourceDate "2014.01.08"]

1. d4 d5 2. Nf3 Nf6 3. c4 c6 4. Nc3 e6 5. e3 Nbd7 6. cxd5 cxd5 7. Bd3 Bd6 8.
O-O O-O 9. e4 dxe4 10. Nxe4 Nxe4 11. Bxe4 h6 12. Be3 Nf6 13. Bc2 b6 14. Rc1 Bb7
15. Ne5 Rc8 16. Bb3 Qe7 17. Qe2 Rxc1 18. Rxc1 Rc8 19. Rxc8+ Bxc8 20. Qc4 Bb7
21. h3 $11 Qc7 22. Qxc7 Bxc7 23. Bc4 Nd5 24. Bd2 f6 25. Nd3 Bd6 26. a3 Kf7 27.
f4 Ke7 28. Bxd5 Bxd5 29. Bb4 Be4 30. Nf2 Bc2 31. Bd2 Kd7 32. Kf1 Kc6 33. Ke2
Kd5 34. Bc3 Bxf4 35. Ng4 Kc4 36. Ne3+ Kb3 37. d5 exd5 38. Nxd5 Bc1 39. Bb4 Bxb2
40. Bf8 Be4 41. Nc7 Bxg2 0-1

[Event "135th YMCA Winter B"]
[Site "Warszawa"]
[Date "2014.02.26"]
[Round "8"]
[White "Maj, Pawel"]
[Black "Sawicki, Wojciech"]
[Result "1-0"]
[WhiteElo "1918"]
[BlackElo "1850"]
[PlyCount "63"]
[EventDate "2014.01.08"]
[EventType "tourn"]
[EventRounds "1"]
[EventCountry "POL"]
[SourceDate "2014.01.08"]

1. Nf3 Nf6 2. g3 g6 3. Bg2 Bg7 4. O-O O-O 5. c4 d6 6. d4 Nbd7 7. Nc3 e5 8. b3
Re8 9. Bb2 c6 10. Qd2 e4 11. Ne1 d5 12. Nc2 Nf8 13. f3 exf3 14. Bxf3 Bg4 15.
Bg2 Qd7 16. cxd5 cxd5 17. Rxf6 Bxf6 18. Nxd5 Bg7 19. e4 Be6 20. Nf4 Rac8 21.
Ne3 Bh6 22. d5 Bg4 23. Qd4 f6 24. Qxf6 Be2 25. Bh3 Qd8 26. Qh8+ Kf7 27. Be6+
Nxe6 28. dxe6+ Rxe6 29. Qxh7+ Ke8 30. Qg8+ Kd7 31. Qxe6+ Kc7 32. Be5+ 1-0

[Event "135th YMCA Winter B"]
[Site "Warszawa"]
[Date "2014.02.25"]
[Round "8"]
[White "Gluszko, Monika"]
[Black "Rozowski, Marcin"]
[Result "0-1"]
[WhiteElo "1900"]
[BlackElo "1894"]
[PlyCount "82"]
[EventDate "2014.01.08"]
[EventType "tourn"]
[EventRounds "1"]
[EventCountry "POL"]
[SourceDate "2014.01.08"]

1. e4 c6 2. c4 d5 3. cxd5 cxd5 4. exd5 Nf6 5. Qa4+ Nbd7 6. Bc4 g6 7. Nc3 Bg7 8.
Nf3 a6 9. Qa3 O-O 10. O-O Nb6 11. d3 Nbxd5 12. Nxd5 Nxd5 13. Re1 e6 14. Bg5 Qb6
15. Bxd5 exd5 16. Be7 Bxb2 17. Rab1 Bxa3 18. Rxb6 Bxe7 19. Rxe7 a5 20. Rd6 Ra6
21. Rxd5 Be6 22. Rb5 Rd8 23. Ne5 Rd5 24. Rexb7 Rxb5 25. Rxb5 Bxa2 26. Nc4 Bxc4
27. dxc4 a4 28. Rb2 a3 29. Ra2 Kf8 30. Kf1 Ke7 31. Ke2 Kd6 32. Kd3 Kc5 33. Kc3
h6 34. Kb3 h5 35. Kc3 g5 36. Kb3 f5 37. g3 f4 38. h4 fxg3 39. fxg3 g4 40. Ra1
Rf6 41. Kxa3 Ra6+ 0-1

[Event "135th YMCA Winter B"]
[Site "Warszawa"]
[Date "2014.02.27"]
[Round "8"]
[White "Kosny, Marek"]
[Black "Pastuszko, Kinga"]
[Result "0-1"]
[WhiteElo "1964"]
[BlackElo "1887"]
[PlyCount "64"]
[EventDate "2014.01.08"]
[EventType "tourn"]
[EventRounds "1"]
[EventCountry "POL"]
[SourceDate "2014.01.08"]

1. Nf3 d6 2. c4 f5 3. Nc3 Nf6 4. d3 g6 5. e4 Bg7 6. g3 O-O 7. Bg2 e5 8. O-O Nc6
9. Rb1 a5 10. Bg5 h6 11. Bd2 Be6 12. Nh4 Kh7 13. exf5 gxf5 14. f4 Nd7 15. Nd5
Nc5 16. Be3 Nd4 17. fxe5 dxe5 18. Bxd4 exd4 19. Qh5 Qg5 20. Nf4 Qxh5 21. Nxh5
Nxd3 22. Rfd1 Nc5 23. Nxg7 Kxg7 24. Rxd4 Rad8 25. Rbd1 Rxd4 26. Rxd4 Kf6 27.
Kf2 Rg8 28. Ke3 b6 29. Bd5 Re8 30. Kf4 Rd8 31. Ke3 Re8 32. Bc6 Bd7+ 0-1

[Event "135th YMCA Winter B"]
[Site "Warszawa"]
[Date "2014.03.13"]
[Round "9"]
[White "Pastuszko, Kinga"]
[Black "Grabowicz, Marcin"]
[Result "1/2-1/2"]
[WhiteElo "1887"]
[BlackElo "1872"]
[Annotator "Admin"]
[PlyCount "22"]
[EventDate "2014.01.08"]
[EventType "tourn"]
[EventRounds "1"]
[EventCountry "POL"]
[SourceDate "2014.01.08"]

1. e4 e5 2. Nf3 d6 3. d4 exd4 4. Nxd4 Nf6 5. Nc3 g6 6. Bc4 Bg7 7. O-O O-O 8.
Bb3 Nbd7 9. Bg5 c6 10. f4 Qc7 11. Qf3 Qb6 $11 1/2-1/2

[Event "135th YMCA Winter B"]
[Site "Warszawa"]
[Date "2014.03.05"]
[Round "9"]
[White "Rusin, Ryszard"]
[Black "Kosny, Marek"]
[Result "0-1"]
[WhiteElo "1840"]
[BlackElo "1964"]
[PlyCount "64"]
[EventDate "2014.01.08"]
[EventType "tourn"]
[EventRounds "1"]
[EventCountry "POL"]
[SourceDate "2014.01.08"]

1. d4 Nf6 2. c4 e6 3. Nc3 d5 4. Bg5 Be7 5. e3 Nbd7 6. Bd3 O-O 7. Nf3 a6 8. a4
b6 9. cxd5 Nxd5 10. Nxd5 Bxg5 11. Nc3 Bb7 12. h4 Bf6 13. Ng5 g6 14. Nce4 e5 15.
Nxh7 Kxh7 16. h5 Kg7 17. Qg4 exd4 18. hxg6 fxg6 19. Ng3 Ne5 20. Nf5+ Kg8 21.
Nh6+ Kg7 22. Nf5+ Kg8 23. Bc4+ Bd5 24. Nh6+ Kg7 25. Nf5+ Kf7 26. Rh7+ Ke8 27.
Bxd5 Qxd5 28. Qh3 gxf5 29. exd4 Qe4+ 30. Kf1 Qd3+ 31. Kg1 Qxh3 32. Rxh3 Nf7 0-1

[Event "135th YMCA Winter B"]
[Site "Warszawa"]
[Date "2014.03.05"]
[Round "9"]
[White "Sujkowski, Pawel"]
[Black "Maj, Pawel"]
[Result "1/2-1/2"]
[WhiteElo "1975"]
[BlackElo "1918"]
[Annotator "Admin"]
[PlyCount "43"]
[EventDate "2014.01.08"]
[EventType "tourn"]
[EventRounds "1"]
[EventCountry "POL"]
[SourceDate "2014.01.08"]

1. c4 Nf6 2. g3 d5 3. cxd5 Nxd5 4. Bg2 g6 5. Nc3 Nb6 6. Nf3 Bg7 7. O-O Nc6 8.
d3 O-O 9. Be3 e5 10. Rc1 h6 11. Qd2 Kh7 12. Ne4 f5 13. Nc5 Nd5 14. Qc2 Ncb4 15.
Qb1 Nxe3 16. fxe3 Nd5 17. e4 Ne3 18. Rf2 Nxg2 19. Kxg2 b6 20. Nb3 f4 21. Qc2 c5
22. Nbd2 $11 1/2-1/2